Statistics for Disney Channel Shows: Past & Present

Click here to take the quiz!

General Stats

  • This quiz has been taken 58 times
  • The average score is 13 of 40

Answer Stats

HintAnswer% Correct
2011Jessie
74%
2006Hannah Montana
70%
2003Thats so Raven
65%
2010Good Luck Charlie
60%
2002Kim Possible
58%
2007Wizards of Waverly place
56%
2015Bunk’d
47%
2014Girl Meets World
47%
2017Ravens home
44%
2010Shake it up
44%
2000Even Stevens
42%
2007Phineas and Ferb
42%
2009Sonny with a chance
42%
2001Lizzie McGuire
40%
2011Ant Farm
37%
2017Andi Mack
35%
2012Dog with a blog
33%
2015KC Undercover
33%
2004Phil of the future
33%
2008The suite life on deck
30%
2011Austin & Ally
28%
2007Cory in the House
26%
2012Gravity falls
26%
2009Jonas
26%
2013Liv & Maddie
26%
2011So random
26%
2015Best friends whenever
23%
2014I didn’t do it
23%
2010Fish hooks
21%
2016Stuck in the middle
21%
2016Bizaardvark
19%
2001The Proud Family
16%
2005The suite life of Zack & Cody
16%
2006The replacements
14%
2013Mickey Mouse
9%
2011Prank stars
7%
2004Brandy & Mr Whiskers
5%
2004Dave the barbarian
5%
2003Lilo & Stitch
5%
2016Elena of Avalor
2%

Score Distribution

Percentile by Number Answered

Percent of People with Each Score

Your Score History

You have not taken this quiz